000 00418nam a2200145 i 4500
001 bg
100 1 _aBARLIK, Marcin
245 0 _aKoncepcja wykorzystania quasigeoidy wygładzonej w procesie opracowania obserwacji geodezyjnych i astronomicznych /
_cMarcin Barlik.
260 _aWarszawa,
_c1983.
040 _cBPK
041 _apol
080 _a528:521
942 _cKS
008 s pl f |000 0 pol
999 _c22292
_d22292
856 _uhttp://koha.tu.koszalin.pl/cgi-bin/koha/opac-detail.pl?biblionumber=22292
_yKatalog online BPK